000 00839nam a22002177a 4500
999 _c13736
_d13736
003 AR-CdUCM
008 190416b ||||| |||| 00| 0 spa d
040 _aMUNICIPALIDAD PROVINCIAL DEL CUSCO
_cBIBLIOTECA MUNICIPAL DEL CUSCO
082 _aC / 252 /
_bV28
100 _aVargas, Isaías
_926455
245 _aConferencias i discursos /
260 _aCuzco :
_bTip. americana,
_c1937.
300 _a325 páginas ;
_c21 cm.
505 _aContenido: La sagrada eucaristía i las ciencias -- Dios es amor -- El origen de la autoridad -- El corazón del esposo divino -- Las crisis de los primeros años del siglo XX...
650 _aReligión católica
_926814
650 _aDiscursos religiosos
_932250
650 _aConferencias religiosas
_932251
650 _aClases sociales
_92411
942 _2ddc
_cLIBROS
945 _aacv
_d2019-04-16